LEADER 00819nam a2200205 i 4500 001 000000131215 003 CaOOAMICUS 005 20100419000000.0 008 100419s1935 it u000 u ita u 013 $a104072 040 $aSeMil$bita 100 1 $aZolli, Eugenio <1881-1956>.$0(OLS)http://semarc/name/20681 245 10$aIsraele :$bstudi storico-religiosi /$cI. Zolli. 260 $aUdine :$bIstituto delle edizioni accademiche,$c1935. 300 $aXX, 415 p. ;$c23 cm. 650 4$aGiudaismo.$0(OLS)http://semarc/subject/2880 850 $aSeMil 852 $aSeMil$W1$xVenegono$y1$m2X IV 76$j85198$B85198$CSeMilBibl$Z2$F88805 $81 996 $6245$aIsraele :$bstudi storico-religiosi$9(OLS)http://semarc/title/193101 996 $6260$aUdine :$bIstituto delle edizioni accademiche$9(OLS)http://semarc/publisher/35763 LEADER 00832nam a2200217 i 4500 001 000000165312 003 CaOOAMICUS 005 20230518144716.0 008 071015s1945 it u000 u ita u 040 $aSeMil$bita 100 1 $aDe Céspedes, Alba,$d<1911-1997>.$0(OLS)http://semarc/name/8391 245 10$aNessuno torna indietro :$bromanzo /$cAlba De Céspedes. 250 $a36. Ed. 264 1$a[Milano] :$bArnoldo Mondadori Editore,$c1945. 300 $a458 p. ;$c19 cm. 850 $aSeMil 852 $aSeMil$W1$xVenegono$y1$m1B II 390$j240518$B116506$CSeMilBibl$Z2$F127469 $81 961 $aRecupero: Altro 996 $6245$aNessuno torna indietro :$bromanzo$9(OLS)http://semarc/title/235993 996 $6264$a[Milano] :$bArnoldo Mondadori Editore$9(OLS)http://semarc/publisher/29634